Dichotómia: decentralizácia a fragmentácia - pojednanie o stave a zmene

Salvato in:
Dettagli Bibliografici
Autore principale: Žárska, Elena, 1955-
Natura: Capitolo di libro
Lingua:slovacco
Tags: Aggiungi Tag
Nessun Tag, puoi essere il primo ad aggiungerne!!

MARC

LEADER 00000naa$a2200000$$$4500
001 0105723
005 20240502083251.4
041 0 |a slo 
044 |a CZ 
245 1 0 |a Dichotómia: decentralizácia a fragmentácia - pojednanie o stave a zmene  |c Elena Žárska 
500 |a Abstrakt 
100 1 |a Žárska, Elena, 1955-